000 00804cam a22002414a 4500
999 _c14379
_d14379
003 OSt
005 20260312130354.0
008 100319s2011 dcua b 001 0 eng
020 _a9781597267151
_qpbk. : alk. paper
035 _a16145487
050 0 0 _aHT166
_b.B3927 2011
082 0 0 _a307.1/216
_222
100 1 _aBeatley, Timothy,
_d1957-
245 1 0 _aBiophilic cities :
_bintegrating nature into urban design and planning /
_cTimothy Beatley.
260 _aWashington, DC :
_bIsland Press,
_c2011.
300 _axvi, 191 p. :
_bill. ;
_c24 cm.
504 _aIncludes bibliographical references (p. 159-179) and index.
650 0 _aCity planning
_xEnvironmental aspects.
650 0 _aSustainable development.
650 0 _aHuman ecology.
650 0 _aUrban ecology (Sociology)
942 _2ddc